000 00696nam a2200277Ia 4500
005 20260324130414.0
008 008 260324s9999 xx 000 0 eng d
020 _a9780429235528
037 _aEBOOK
040 _aCRL
040 _beng
040 _cCRL
041 _2eng
041 _aeng
084 _qCRL
100 _aCarsten K.W. De Dreu; Michele J. Gelfand
_91181641
245 4 _aThe Psychology of Conflict and Conflict Management in Organizations
260 _bTaylor and Francis
260 _c2007
365 _a
365 _b230
856 _uhttp://www.taylorfrancis.com/books/9780429235528
942 _cEBOOK
999 _c1777807
_d1777807